Well-Known Movie by Tough Image X Quiz Stats

Quiz Updated Sep 29, 2016

Challenge
Share
Tweet
Score 0/30 Timer 08:00
1 Play Today
% Correct
Austin Powers: The Spy Who Shagged Me
74.1%
Office Space
61.2%
Despicable Me
53.4%
To Kill a Mockingbird
42.4%
Ratatouille
42.3%
Walk the Line
40.8%
Sweeney Todd: The Demon Barber of Fleet Street
39%
Bridesmaids
37.2%
Mad Max
36.7%
Almost Famous
35%
Moneyball
32.1%
Boogie Nights
32%
Armageddon
31.8%
The Blind Side
30.5%
The Bourne Supremacy
28.8%
% Correct
Her
28.5%
Spider-Man
27.4%
Spaceballs
25.7%
The Royal Tenenbaums
25.1%
Planes, Trains & Automobiles
25%
Young Frankenstein
24.5%
Jerry Maguire
22.8%
Man of Steel
22.3%
Casino
19.6%
The Cabin in the Woods
19.3%
Les Misérables
18.5%
Vertigo
18.3%
Amélie
16.4%
Fear and Loathing in Las Vegas
12.6%
The Curious Case of Benjamin Button
10.9%

You're not logged in!

Compare scores with friends on all Sporcle quizzes.
Sign Up with Email
OR
Log In

You Might Also Like...

Show Comments

Extras

Top Quizzes Today


Score Distribution

Your Account Isn't Verified!

In order to create a playlist on Sporcle, you need to verify the email address you used during registration. Go to your Sporcle Settings to finish the process.

Report this User

Report this user for behavior that violates our Community Guidelines.

Details: